Catálogo
 En Linea

Don Goyo : (Registro nro. 15402)

Detalles MARC
000 -CABECERA
campo de control de longitud fija 01098cam a2200301 a 4500
001 - NÚMERO DE CONTROL
campo de control 000015859
003 - IDENTIFICADOR DEL NÚMERO DE CONTROL
campo de control UkOxU
005 - FECHA Y HORA DE LA ÚLTIMA TRANSACCIÓN
campo de control 20200929164159.0
008 - DATOS DE LONGITUD FIJA--INFORMACIÓN GENERAL
campo de control de longitud fija 980804s1997 ec 001 f spa d
020 ## - NÚMERO INTERNACIONAL ESTÁNDAR DEL LIBRO
Número Internacional Estándar del Libro 9978401679
040 ## - FUENTE DE LA CATALOGACIÓN
Centro catalogador/agencia de origen DO-SdBNP
Lengua de catalogación spa
Centro/agencia transcriptor DLC
Centro/agencia modificador BNPHU
082 ## - NÚMERO DE LA CLASIFICACIÓN DECIMAL DEWEY
Número de clasificación E863.44
Número de documento/Ítem T864d
049 ## - FONDOS LOCALES (OCLC)
Fondos de biblioteca BNGR
100 1# - ENTRADA PRINCIPAL--NOMBRE DE PERSONA
Nombre de persona Troya, María Soledad,
Fechas asociadas al nombre 1966-
9 (RLIN) 35694
245 10 - MENCIÓN DE TÍTULO
Título Don Goyo :
Resto del título el héroe cholo de Demetrio Aguilera Malta /
Mención de responsabilidad, etc. María Soledad Troya.
260 ## - PUBLICACIÓN, DISTRIBUCIÓN, ETC.
Lugar de publicación, distribución, etc. Quito, Ecuador :
Nombre del editor, distribuidor, etc. Casa de la Cultura Ecuatoriana "Benjamín Carrión,",
Fecha de publicación, distribución, etc. 1997.
300 ## - DESCRIPCIÓN FÍSICA
Extensión 199 p. ;
Dimensiones 21 cm.
490 1# - MENCIÓN DE SERIE
Mención de serie La edad de la ira
504 ## - NOTA DE BIBLIOGRAFÍA, ETC.
Nota de bibliografía, etc. Incluye notas bibliográficas.
504 ## - NOTA DE BIBLIOGRAFÍA, ETC.
Nota de bibliografía, etc. Incluye referencias bibliográficas (p. 191-197).
650 #4 - PUNTO DE ACCESO ADICIONAL DE MATERIA--TÉRMINO DE MATERIA
Término de materia o nombre geográfico como elemento de entrada Novela ecuatoriana
9 (RLIN) 5017
650 #4 - PUNTO DE ACCESO ADICIONAL DE MATERIA--TÉRMINO DE MATERIA
Término de materia o nombre geográfico como elemento de entrada Literatura ecuatoriana
9 (RLIN) 3938
650 #4 - PUNTO DE ACCESO ADICIONAL DE MATERIA--TÉRMINO DE MATERIA
Término de materia o nombre geográfico como elemento de entrada Vida en el campo
Subdivisión general Novela
9 (RLIN) 35695
600 14 - PUNTO DE ACCESO ADICIONAL DE MATERIA--NOMBRE DE PERSONA
Nombre de persona AGUILERA MALTA, DEMÉTRIO,
Fechas asociadas al nombre 1909-
Título de la obra DON GOYO
9 (RLIN) 35696
600 14 - PUNTO DE ACCESO ADICIONAL DE MATERIA--NOMBRE DE PERSONA
Nombre de persona AGUILERA MALTA, DEMETRIO,
Fechas asociadas al nombre 1909-
Subdivisión general CRÍTICA E INTERPRETACIÓN
9 (RLIN) 35697
830 #0 - PUNTO DE ACCESO ADICIONAL DE SERIE-TÍTULO UNIFORME
Título uniforme La edad de la ira ;
9 (RLIN) 35698
910 ## - DATOS DE OPCIÓN DEL USUARIO (OCLC)
Datos de opción del usuario Catalogación por copia /Oxford
Existencias
Estado de retiro Estado de pérdida Restricciones de uso No para préstamo Código de colección Localización permanente Ubicación/localización actual Ubicación en estantería Fecha de adquisición Número de inventario Total de préstamos Signatura topográfica completa Código de barras Fecha visto por última vez Precio válido a partir de Tipo de ítem Koha
        Monografías: Libros y Folletos General General En catalogación 19.02.2010 LF1   E863.44 T864d 15859-10 25.06.2020 25.06.2020 Préstamo en sala

Con tecnología Koha